00226nam a2200097Ia 4500008004100000041000800041082000800049100001600057245002900073260002600102231212s1981 xx 000 0 und d aeng a621 aMyskls A.D. aIntroductory Mathematics aMascowbMir Pubc1981